| 000 | 00653nam a22002417a 4500 | ||
|---|---|---|---|
| 003 | Ost | ||
| 005 | 20260406062116.0 | ||
| 008 | 260225b |||||||| |||| 00| 0 eng d | ||
| 020 | _a978047097409 | ||
| 040 | _cBT-PhCST | ||
| 050 | _a25607 | ||
| 082 |
_222 _a621.31 _bEKA |
||
| 100 | _aEkanayake, Janaka. | ||
| 245 |
_aSmart grid : _btechnology and applications / |
||
| 260 |
_aUnited Kingdom : _bJohn Wiley and Sons, _cc2012. |
||
| 300 |
_aix, 283 p. : _bill. ; _c25 cm. |
||
| 500 | _aIncludes index. | ||
| 700 | _aLiyanage, Kithsiri. | ||
| 700 | _aWu, Jianzhong. | ||
| 700 | _aYokoyama, Akihiko. | ||
| 700 | _aJenkins, Nick. | ||
| 942 |
_2ddc _cEE |
||
| 999 |
_c10131 _d10131 |
||